00886cam a2200253 a 450000500170000000800410001702000180005804000180007604100080009404400080010208200170011010000320012724500780015925000220023726000580025930000720031750400730038965000250046265000250048765000410051265000250055365000300057870000240060820191224042309.0070912s2008 enka b 001 0 eng  a9780199292059 aDLCcDLCdDLC0 aeng aenk04a577.13bB41i1 aBeebee, Trevor J. C.eautor13aAn introduction to molecular ecology /cTrevor J. C. Beebee, Graham Rowe. aSegunda edición aOxford ;aNew York :bOxford University Press,c2008. axv, 400 páginas :bilustraciones (algunos a color) ;c25 x 19 cm. aIncluye referencias bibliográficas: páginas 357-389 e índices.24aEcología molecular26aBiología molecular26aBiología molecularxconservación26aGenética molecular26aGenética de poblaciones1 aRowe, Grahameautor